00827cam a2200241 a 4500001000500000005001700005020001500022040002300037050002200060082001100082100001900093245011900112250004200231260003500273300005800308505000800366520007700374521002000451521002000471650002200491655003900513700003300552273620250819162105.0 a0590471147 aDLCcDLCdDLCbeng00aPZ8.1.A213b 199100a398.241 aAardema, Verna10aBorreguita and the coyote :ba tale from Ayutla, Mexico /cretold by Verna Aardema ; illustrated by Petra Mathers. aFirst Scholastic printing, March 1994 aNew York :bScholastic ,c1991 a25 unnumbered pages : bcolor illustrations ; c22 cm aN  aA little lamb uses her clever wiles to keep a coyote from eating her up. a560 bLexile  aN bRaz-Plus  1aFolklorezMexico. 7aJuvenile literaturey1991.2rbgenr1 aMathers, Petraeillustrator